Svařování I
Uložené v:
| Hlavní autori: | , |
|---|---|
| Médium: | Kniha |
| Jazyk: | Czech |
| Vydavateľské údaje: |
Ostrava :
VŠB-Technická univerzita Ostrava,
2005
|
| Vydanie: | 1. vyd |
| Predmet: | |
| Tagy: |
Žiadne tagy, Buďte prvý, kto otaguje tento záznam!
|
MARC
| LEADER | 00000nam a22000003a 4500 | ||
|---|---|---|---|
| 001 | stu135498 | ||
| 005 | 20150617225934.0 | ||
| 008 | 070105s2005----xr------------------cze-d | ||
| 020 | |a 80-248-0870-6 | ||
| 040 | |a STU |b slo | ||
| 041 | 0 | |a cze | |
| 044 | |a xr | ||
| 080 | |a 621.791 | ||
| 100 | 1 | |a Koukal, Jaroslav |4 aut | |
| 245 | 1 | |a Svařování I | |
| 250 | |a 1. vyd | ||
| 260 | |a Ostrava : |b VŠB-Technická univerzita Ostrava, |c 2005 | ||
| 300 | |a 133 s | ||
| 650 | 7 | |a zváranie |2 stusub | |
| 700 | 1 | |a Zmydlený, Tomáš |4 aut | |
| 996 | |b 284M075607 |c M*S-1266-2 |l MMKN |s A |a 24 |w stu135498_0001 | ||
| 996 | |b 284M075608 |c M*S-1266-1 |l MMKN |s A |a 24 |w stu135498_0002 | ||